000 00657nam a22002177a 4500
003 UA-OsUOA
001 39850
007 ta
008 20060704b un ||||| |||| 00| 0 ukr d
100 _aАндрущенко В.
090 _a94(477)
_bА11
942 _cSA
040 _aUA-OsUOA
_bukr
_cUA-OsUOA
_dUA-OsUOA
245 _aВелич Михайла Драгоманова. Життєвий і творчий шлях видатного українського мислителя
300 _aС.8
955 _a0
041 _aukr
080 _a94(477)
773 0 _w39849
650 7 _a9 Географія. Біографії. Історія
_2UDC
999 _c325991
_d325991